Plus hautes montagne par continents - Statistiques

Statistiques générales
  • Ce quiz a été pris 38 fois
  • Le résultat moyen est 5 sur 21
Statistiques - réponses
Altitude (m) Montagne % Correct
8 848 Everest
100%
8 611 K2
97%
5 895 Kilimandjaro
78%
6 961 Aconcagua
63%
6 190 Denali
53%
5 642 Elbrouz
50%
5 199 Mont Kenya
28%
8 586 Kangchenjunga
16%
4 892 Massif Vinson
16%
5 959 Mount Logan
16%
6 793 Monte Pissis
3%
5 109 Mont Stanley
3%
4 661 Mount Shinn
3%
4 852 Mount Tyree
3%
6 893 Ojos del Salado
3%
4 884 Puncak Jaya
3%
5 205 Dykh-Tau
0%
4 367 Mount Giluwe
0%
4 509 Mount Wilhelm
0%
5 636 Pico de Orizaba
0%
5 193 Shkhara
0%
Aucun quiz correspondant
Distribution des résultats
% des personnes avec chaque résultat
Percentile par nombre de réponses
Votre historique - résultats
Vous n’avez pas pris ce quiz